000 00955nam a22002777i 4500
003 DO-SdBNP
005 20240408102757.0
007 ta
008 240404b2023 dr ||||| |||| 00| 0 spa d
020 _a9789945185812
040 _aDO-SdBNP
_bspa
_cBNPHU
_erda
100 1 _aGuzmán Ovalle, Dilcia,
_eautor
_985130
245 1 0 _aSeguridad hotelera :
_bestrategias y consejos para administradores y gerentes /
_cDilcia Guzmán Ovalle ; prólogo, Carlos Aparcedo.
264 1 _aSanto Domingo :
_b[editor no identificado] ;
_c2023.
300 _a151 páginas ;
_c23 cm.
336 _2rdacontent
_atexto
_btxt
337 _2rdamedia
_asin mediación
_bn
338 _2rdacarrier
_avolumen
_bnc
500 _aIncluye datos de la autora en la contracubierta.
500 _aEscuela de Autores
504 _aBibliografía : p. 151
590 _aInventariado, 2024 /LP
700 1 _aAparcedo, Carlos,
_eprólogo
_985139
910 _aLP
942 _2ddc
_cLBS1
999 _c56251
_d56251